| Tag |
First Indicator |
Second Indicator |
Subfields |
| LEADER |
00000cam a2200000 a 4500 |
| 001 |
in00000782841 |
| 005 |
20151017063201.0 |
| 008 |
860527s1986 nyu 00001 eng d |
| 020 |
|
|
|a 0451142675 (pbk.) :
|c $3.50
|
| 035 |
|
|
|a (OCoLC)13645400
|
| 035 |
|
|
|9 ADN1182AM
|
| 040 |
|
|
|a IMF
|c IMF
|d m/c
|d IXA
|d TXA
|d UtOrBLW
|
| 049 |
1 |
|
|a TXA1 [SCIF]
|
| 090 |
|
|
|a PN6071.F25
|b M97 1986
|
| 245 |
0 |
0 |
|a Mythical beasties /
|c edited by Isaac Asimov, Martin H. Greenberg and Charles G. Waugh.
|
| 264 |
|
1 |
|a New York :
|b New American Library,
|c [1986]
|
| 264 |
|
4 |
|c ©1986
|
| 300 |
|
|
|a 343 pages ;
|c 18 cm.
|
| 336 |
|
|
|a text
|b txt
|2 rdacontent
|
| 337 |
|
|
|a unmediated
|b n
|2 rdamedia
|
| 338 |
|
|
|a volume
|b nc
|2 rdacarrier
|
| 490 |
1 |
|
|a Isaac Asimov's magical worlds of fantasy ;
|v #6
|
| 500 |
|
|
|a "A Signet book."
|
| 500 |
|
|
|a "First printing, May, 1986"--Verso of title page.
|
| 650 |
|
0 |
|a Fantasy fiction, American.
|
| 650 |
|
0 |
|a Fantasy fiction, English.
|
| 700 |
1 |
|
|a Asimov, Isaac,
|d 1920-1992.
|
| 700 |
1 |
|
|a Greenberg, Martin Harry.
|
| 700 |
1 |
|
|a Waugh, Charles G.
|q (Charles Gordon),
|d 1943-
|
| 800 |
1 |
|
|a Asimov, Isaac,
|d 1920-1992.
|t Isaac Asimov's magical worlds of fantasy ;
|v #6.
|
| 999 |
|
|
|a MARS
|
| 999 |
f |
f |
|s 2c88b499-2094-3358-8e93-1b07771df560
|i fff5c547-ce26-305f-aa1c-f92532397d4c
|t 0
|
| 952 |
f |
f |
|p noncirc
|a Texas A&M University
|b College Station
|c Cushing Memorial Library & Archives
|d Cushing: Science Fiction (Does not check out)
|t 0
|e PN6071.F25 M97 1986
|h Library of Congress classification
|i unmediated -- volume
|
| 998 |
f |
f |
|a PN6071.F25 M97 1986
|t 0
|l Cushing: Science Fiction (Does not check out)
|